000 00655nam a2200253Ia 4500
003 OSt
005 20221007074933.0
006 a|||||r|||| 00| 0
007 ta
008 221006b |||||||| |||| 00| 0 eng d
020 _a8177370413
_cRs. 750/-
024 _a9,040
037 _cTextual
040 _aFLL
_cFLL
_beng
041 _2eng
_aeng
082 _aX:57:Z2qN99, P1
100 _aRamamurthy T.R.
245 0 _aGuide to FEMA
250 _a2nd
260 _aNew Delhi
_bBharat Law House India
_c2001
300 _a44p,1043p
_ccm.
942 _hX:57:Z2qN99, P1
_cTEXL
_2CC
999 _c1154213
_d1154213